000 00436nam a2200157Ia 4500
008 230917s9999||||xx |||||||||||||| ||und||
040 _e100966
_aMAIN
041 _aEnglish
082 _a346.022 K141L(9)
100 _aKapoor, S K
245 0 _aLaw of contract: Along with partnership act and sale of goods act. 2
250 _a9th ed.
260 _aAllahabad
_bCentral Law Agency
_c2002
300 _axxxviii, 335 p.
942 _cBK
999 _c115396
_d115396